Western civilization II : (Record no. 9672)
[ view plain ]
| 000 -LEADER | |
|---|---|
| fixed length control field | 00940nam a2200313 a 4500 |
| 001 - CONTROL NUMBER | |
| JCCL Control Number | 9672 |
| 003 - CONTROL NUMBER IDENTIFIER | |
| JCCL marc code | BD - JhCC |
| 005 - DATE AND TIME OF LATEST TRANSACTION | |
| control field | 20180325192949.0 |
| 008 - FIXED-LENGTH DATA ELEMENTS--GENERAL INFORMATION | |
| fixed length control field | 180321s19751968nyu b 001 0 eng d |
| 020 ## - INTERNATIONAL STANDARD BOOK NUMBER | |
| International Standard Book Number | 0060438460 |
| 035 ## - SYSTEM CONTROL NUMBER | |
| system control number | 0300037724 |
| -- | (BD - JhCC)9672 |
| 040 ## - CATALOGING SOURCE | |
| Original cataloging agency | DLC |
| Transcribing agency | DLC |
| Modifying agency | BD-JhCC |
| 041 ## - LANGUAGE CODE | |
| Language code of Book | eng |
| 050 #0 - LIBRARY OF CONGRESS CALL NUMBER | |
| Classification number | DS747 |
| Item number | .H79 1989 |
| 082 ## - DEWEY DECIMAL CLASSIFICATION NUMBER | |
| Classification number | 931/.03 |
| DDC Edition number | 19 |
| Author mark and Year | LAN |
| 100 1# - MAIN ENTRY--PERSONAL NAME | |
| Personal name | Langer, William L. |
| Dates associated with a name | 1930- |
| 245 10 - TITLE STATEMENT | |
| Title | Western civilization II : |
| Remainder of title | the expansion of empire to Europe in the modern world / |
| Statement of responsibility, etc | William L. Langer |
| 250 ## - EDITION STATEMENT | |
| Edition statement | 2nd ed. |
| 260 ## - PUBLICATION, DISTRIBUTION, ETC. (IMPRINT) | |
| Place of publication, distribution, etc | New Haven : |
| -- | London : |
| Name of publisher, distributor, etc | Yale University Press, |
| Date of publication, distribution, etc | c1988. |
| 300 ## - PHYSICAL DESCRIPTION | |
| Pagination | xxiv, 485 p. : |
| Other physical details | ill ; |
| Dimensions | 25 cm |
| 504 ## - BIBLIOGRAPHY, ETC. NOTE | |
| Bibliography, etc | Includes bibliographies and index |
| 650 ## - SUBJECT ADDED ENTRY--TOPICAL TERM | |
| Topical term or geographic name as entry element | Civilization, Western |
| 651 ## - SUBJECT ADDED ENTRY--GEOGRAPHIC NAME | |
| Geographic name | Rome (Empire) |
| 651 ## - SUBJECT ADDED ENTRY--GEOGRAPHIC NAME | |
| Geographic name | Greece |
| 700 1# - ADDED ENTRY--PERSONAL NAME | |
| Personal name | Linduff, Katheryn M. |
| 830 #0 - SERIES ADDED ENTRY--UNIFORM TITLE | |
| Uniform title | Early Chinese civilization series |
| 942 ## - ADDED ENTRY ELEMENTS (KOHA) | |
| Source of classification or shelving scheme | Dewey Decimal Classification |
| Koha item type | Books |
| Source of classification or shelving scheme | Damaged status | Not for loan | Home library | Current library | Shelving location | Total Checkouts | Full call number | Barcode | Date last seen | Copy number | Koha item type |
|---|---|---|---|---|---|---|---|---|---|---|---|
| Dewey Decimal Classification | JCC Rouf Library | JCC Rouf Library | General Stacks | 931/.03 LAN | 12780 | 03/21/2018 | C - 1 | Books |